• 首页
  • 本馆介绍
  • 公告通知
  • 最新文献
  • 馆藏检索
  • 电子资源
  • 读者导购
  • 参考咨询
  • 我的图书馆
  • 登录
  • 详细信息显示
  • 放入我的书架
  • 预约/预借图书
  • 作者相关作品
  • 分类相关作品
  • 丛书相关作品
  • 出版社相关作品

书目信息

  • 表格格式
  • 工作单格式
  • 卡片格式
题名:
重读《金匮》
    
 
作者: 余泽运 著
分册:  
出版信息: 北京   中国科学技术出版社  2019.05
页数: 372页
开本: 25cm
丛书名: 中医经典自学百日通系列
单 册:
中图分类: R222.39
科图分类:
主题词:
电子资源:
ISBN: 978-7-5046-8265-9
000 01481nam 2200289 450
001 CAL 009616341
005 20230217093111.0
010    @a978-7-5046-8265-9@b精装@dCNY48.50
100    @a20190710d2019 em y0chiy0120 ea
101 0  @achi
102    @aCN@b110000
105    @ay a 000yy
106    @ar
200 1  @a重读《金匮》@Achong du 《 jin kui 》@e三十年临证经方学验录@f余泽运著
210    @a北京@c中国科学技术出版社@d2019.05
215    @a372页@d25cm
225 2  @a中医经典自学百日通系列@Azhong yi jing dian zi xue bai ri tong xi lie
300    @a典藏版
320    @a有书目
330    @a本书是作者学习《金匮要略》时所做的读书笔记, 阐述了作者三十年来学习《金匮要略》的心得和体会, 是一本针对临床而解读经典的工具书。全文分绪论、各论两部分。绪论部分主要对《金匮要略》的作者、沿革、源流、传承、核心理念及研究概况等方面进行了系统梳理。各论部分则按照国家统编教材的分类方法, 分22篇论述了临床内、外、妇各科杂病四十余种。原书条文398条, 本书收录约300条, 附方条文20余条。每条均从辨证要点、方证指征、体质特点、病机、治法方药、使用注意、名医解方、方证鉴别、临床应用、病案举例 (包括名家医案、名医经验) 等多方面阐释, 以原文为基础, 对经方方证进行了全面的论述。
410  0 @12001 @a中医经典自学百日通系列
517 1  @a三十年临证经方学验录@Asan shi nian lin zheng jing fang xue yan lu
605    @a金匮要略方论@Ajin kui yao lue fang lun@x研究
690    @aR222.39@v5
701  0 @a余泽运@Ayu ze yun@4著
801  0 @aCN@bBJXHZP@c20230222
905    @b1393809-12@dR222.39@e619@f4
    
    重读《金匮》:三十年临证经方学验录/余泽运著.-北京:中国科学技术出版社,2019.05
    372页;25cm.-(中医经典自学百日通系列)
    典藏版
    
    ISBN 978-7-5046-8265-9(精装):CNY48.50
    本书是作者学习《金匮要略》时所做的读书笔记, 阐述了作者三十年来学习《金匮要略》的心得和体会, 是一本针对临床而解读经典的工具书。全文分绪论、各论两部分。绪论部分主要对《金匮要略》的作者、沿革、源流、传承、核心理念及研究概况等方面进行了系统梳理。各论部分则按照国家统编教材的分类方法, 分22篇论述了临床内、外、妇各科杂病四十余种。原书条文398条, 本书收录约300条, 附方条文20余条。每条均从辨证要点、方证指征、体质特点、病机、治法方药、使用注意、名医解方、方证鉴别、临床应用、病案举例 (包括名家医案、名医经验) 等多方面阐释, 以原文为基础, 对经方方证进行了全面的论述。
●
相关链接 在E读中查询图书 在五车中查询图书 在当当中查询图书 在豆瓣中查询图书


正题名:重读《金匮》     索取号:R222.39/619         预约/预借

序号 登录号 条形码 馆藏地/架位号 状态 备注
1 1393809   213938097   第二样本阅览室/ [索取号:R222.39/619] 在馆    
2 1393810   213938104   第三借阅区/ [索取号:R222.39/619] 在馆    
3 1393811   213938113   第三借阅区/ [索取号:R222.39/619] 在馆    
4 1393812   213938122   第三借阅区/ [索取号:R222.39/619] 在馆    
唐山师范学院图书馆 欢迎您!
大连网信软件有限公司© 版权所有